[Event "17. Amber Rapid"]
[Site "Niza FRA"]
[Date "2008.03.17"]
[Round "3.3"]
[White "Morozevich, Alexander"]
[Black "Leko, Peter"]
[Result "0-1"]
[WhiteElo "2765"]
[BlackElo "2753"]
[PlyCount "112"]
[EventDate "2008.03.15"]
[EventType "tourn"]
[EventRounds "11"]
[EventCountry "FRA"]
[EventCategory "21"]
[Source "lmi"]
[SourceDate "2008.03.15"]

1. d4 d5 2. c4 c6 3. Nc3 Nf6 4. e3 e6 5. Nf3 Nbd7 6. Qc2 Bd6 7. g4 h6 8. Bd2
dxc4 9. Bxc4 b5 10. Be2 Bb7 11. a3 a6 12. b4 Qe7 13. Rg1 e5 14. h4 e4 15. g5
hxg5 16. hxg5 exf3 17. gxf6 Nxf6 18. Bxf3 g6 19. e4 Rh3 20. Bg2 Rh4 21. Bg5 Rg4
22. Bxf6 Qxf6 23. e5 Qe6 24. O-O-O Rxg2 25. Rxg2 Bf8 26. f4 a5 27. d5 Qh3 28.
e6 Bg7 29. exf7+ Kf8 30. Rd3 Qf5 31. Ne2 axb4 32. Rg5 Qf6 33. Re5 bxa3 34. d6
Qxf7 35. d7 Rd8 36. Qc5+ Kg8 37. Qd6 a2 38. Kb2 Qc4 39. Nc3 Qf7 40. Qc7 Bf6 41.
Nxa2 Qc4 42. Nc1 Qxf4 43. Rde3 Rxd7 44. Qb8+ Kg7 45. Kc2 Bxe5 46. Rxe5 Qc4+ 47.
Kb1 c5 48. Qe8 Qb4+ 49. Ka1 Qd4+ 50. Kb1 Rf7 51. Re7 Bd5 52. Rxf7+ Bxf7 53.
Qxb5 Qb4+ 54. Qxb4 cxb4 55. Nd3 b3 56. Kb2 Kf6 0-1

[Event "17. Amber Rapid"]
[Site "Niza FRA"]
[Date "2008.03.26"]
[Round "10.4"]
[White "Morozevich, Alexander"]
[Black "Karjakin, Sergey"]
[Result "1-0"]
[WhiteElo "2765"]
[BlackElo "2732"]
[PlyCount "129"]
[EventDate "2008.03.15"]
[EventType "tourn"]
[EventRounds "11"]
[EventCountry "FRA"]
[EventCategory "21"]
[Source "lmi"]
[SourceDate "2008.03.15"]
[WhiteTeam "RU"]
[BlackTeam "UA"]

1. e4 c5 2. Nf3 d6 3. d4 cxd4 4. Nxd4 Nf6 5. Nc3 a6 6. f3 e5 7. Nb3 Be6 8. Be3
Nbd7 9. Qd2 b5 10. g4 Nb6 11. g5 Nfd7 12. Na5 Rc8 13. O-O-O Qc7 14. Kb1 Be7 15.
h4 O-O 16. h5 b4 17. Nd5 Nxd5 18. exd5 Bf5 19. Nc6 Nb8 20. Bd3 Bxd3 21. Nxe7+
Qxe7 22. Qxd3 Nd7 23. f4 Nc5 24. Bxc5 Rxc5 25. Rhe1 a5 26. fxe5 dxe5 27. Qf5 g6
28. Rxe5 gxf5 29. Rxe7 Rd8 30. h6 Kf8 31. Re5 f4 32. a3 bxa3 33. bxa3 f3 34.
Rf5 f2 35. Rf1 Rdxd5 36. R5xf2 Rc7 37. Rf5 Rd2 38. Rc1 a4 39. Ra5 Rg2 40. Rb5
Ke7 41. Re1+ Kd6 42. Rd1+ Ke6 43. Rc1 Kd6 44. c3 Kc6 45. c4 Re7 46. Rc2 Rg3 47.
Kb2 Ree3 48. Rf2 Ref3 49. Rxf3 Rxf3 50. Ra5 Rb3+ 51. Ka2 Rg3 52. Rf5 Kd6 53.
Rxf7 Rg2+ 54. Kb1 Rxg5 55. Rxh7 Kc5 56. Rc7+ Kd4 57. h7 Rh5 58. Kc2 Rh2+ 59.
Kd1 Kc3 60. c5 Kd4 61. Ke1 Ke4 62. Kf1 Rh6 63. Kg2 Kf4 64. Rf7+ Ke5 65. Kg3 1-0